5HLuxD.jpg

KING HENRY VIII SENIOR AND PRIMARY SCHOOL LIBRARY OPAC

GREECE INSIDE OUT (Record no. 5763)

000 -LEADER
fixed length control field 00804nam a22002417a 4500
005 - DATE AND TIME OF LATEST TRANSACTION
control field 20251104082416.0
008 - FIXED-LENGTH DATA ELEMENTS--GENERAL INFORMATION
fixed length control field 251104b ||||| |||| 00| 0 eng d
020 ## - INTERNATIONAL STANDARD BOOK NUMBER
International Standard Book Number 9780778728900
040 ## - CATALOGING SOURCE
Transcribing agency KH8
082 ## - DEWEY DECIMAL CLASSIFICATION NUMBER
Classification number 928 MAL
100 ## - MAIN ENTRY--PERSONAL NAME
Personal name MALAM,JOHN
Relator term AUTHOR
245 ## - TITLE STATEMENT
Title GREECE INSIDE OUT
260 ## - PUBLICATION, DISTRIBUTION, ETC.
Place of publication, distribution, etc. 616 WELLAND AVE. ST.CATHARINES,ONTARIO,L2M 5V6
Name of publisher, distributor, etc. CRABTREE PUBLISHING COMPANY
Date of publication, distribution, etc. 2017
300 ## - PHYSICAL DESCRIPTION
Extent 32 PAGES
Other physical details COLOUR ILLUSTRATIONS
Dimensions 21 CM X 26 CM
520 ## - SUMMARY, ETC.
Summary, etc. This interesting book explores the culture and achievements of ancient Greece through the examination of artefacts that have survived through the centuries.
650 ## - SUBJECT ADDED ENTRY--TOPICAL TERM
Topical term or geographic name entry element Greece
650 ## - SUBJECT ADDED ENTRY--TOPICAL TERM
Topical term or geographic name entry element Artefacts
650 ## - SUBJECT ADDED ENTRY--TOPICAL TERM
Topical term or geographic name entry element History
650 ## - SUBJECT ADDED ENTRY--TOPICAL TERM
Topical term or geographic name entry element Culture
655 ## - INDEX TERM--GENRE/FORM
Genre/form data or focus term Juvenile History
655 ## - INDEX TERM--GENRE/FORM
Genre/form data or focus term Juvenile Non Fiction
942 ## - ADDED ENTRY ELEMENTS (KOHA)
Source of classification or shelving scheme
Koha item type Books - Non Ficton
Holdings
Withdrawn status Lost status Source of classification or shelving scheme Damaged status Not for loan Collection code Permanent Location Current Location Shelving location Date acquired Full call number Barcode Date last seen Price effective from Koha item type Public note
          Non-Fiction KH8 Primary School Library KH8 Primary School Library Non Fiction 2025-11-04 928 MAL 3KHPL000002381 2025-12-05 2025-11-04 Books - Non Ficton PRIMARY LIBRARY

Powered By KH8 IT Dept